Bhasha, sanskriti aur lok(भाषा, संस्कृति और लोक) (Record no. 114113)
[ view plain ]
| 000 -LEADER | |
|---|---|
| fixed length control field | 00508 a2200169 4500 |
| 005 - DATE AND TIME OF LATEST TRANSACTION | |
| control field | 20260330110416.0 |
| 008 - FIXED-LENGTH DATA ELEMENTS--GENERAL INFORMATION | |
| fixed length control field | 260205b |||||||| |||| 00| 0 eng d |
| 020 ## - INTERNATIONAL STANDARD BOOK NUMBER | |
| International Standard Book Number | 9789350721681 |
| 080 ## - UNIVERSAL DECIMAL CLASSIFICATION NUMBER | |
| Universal Decimal Classification number | 811.214.21=H |
| Item number | MIS/B |
| 100 ## - MAIN ENTRY--PERSONAL NAME | |
| Personal name | Mishra, Dayanidhi;ed.by |
| 245 ## - TITLE STATEMENT | |
| Title | Bhasha, sanskriti aur lok(भाषा, संस्कृति और लोक) |
| 260 ## - PUBLICATION, DISTRIBUTION, ETC. (IMPRINT) | |
| Name of publisher, distributor, etc | Vani Prakashan. |
| Place of publication, distribution, etc | New Delhi. |
| Date of publication, distribution, etc | 2015. |
| 300 ## - PHYSICAL DESCRIPTION | |
| Extent | 204p. |
| 653 ## - INDEX TERM--UNCONTROLLED | |
| Uncontrolled term | Linguistics-Hindi Language |
| 700 ## - ADDED ENTRY--PERSONAL NAME | |
| Personal name | Dilip Singh |
| 942 ## - ADDED ENTRY ELEMENTS (KOHA) | |
| item type | Under processing |
| Lost status | Source of classification or shelving scheme | Not for loan | Home library | Current library | Shelving location | Date acquired | Cost, normal purchase price | Total Checkouts | Full call number | Barcode | Date last seen | Cost, replacement price | Price effective from | Koha item type |
|---|---|---|---|---|---|---|---|---|---|---|---|---|---|---|
| Universal Decimal Classification | Not For Loan | University Library | University Library | On Display | 13/01/2025 | 292.50 | 811.214.21=H MIS/B | 00096442 | 13/01/2025 | 450.00 | 13/01/2025 | Books |
